000
00335nam a22001457a 4500
008
230427b ||||| |||| 00| 0 eng d
020
_a
9780198609957
041
_a
eng
080
_a
038
082
_a
038PAR
100
_a
40
101
_a
FJALOR
245
_a
A DICTIONARY ENVIRONMENT AND CONSERVATION
_c
PARK .CH
942
_2
udc
_c
BK
999
_c
59629
_d
59629